| 000 | 00000nam 2200000za 4500 |
| 001 | 9.591084 |
| 003 | CaOODSP |
| 005 | 20250814144809 |
| 007 | cr ||||||||||| |
| 008 | 150406|2003||||xxc|||||o f|0| 0 fre d |
| 020 | |a0-662-87402-1 |
| 022 | |a1205-9161 |
| 040 | |aCaOODSP|bfre |
| 043 | |an-cn--- |
| 086 | 1 |aCS11-0019/193F-PDF |
| 100 | 1 |aBaldwin, John R. |q(John Russel) |
| 245 | 00|aRoulement des usines et croissance de la productivité dans le secteur canadien de la fabrication / |h[ressource électronique]|cpar John R. Baldwin et Wulong Gu. |
| 260 | |aOttawa - Ontario : |bStatistique Canada |cAvril 2003. |
| 300 | |a68p.|bgraphiques, références, tableaux |
| 490 | 1 |aDocuments de recherche - Direction des études analytiques|x1205-9161|vN° 193 |
| 590 | |a12-34-Supp|b2012-07-31 |
| 710 | 2 |aStatistique Canada. |
| 775 | 08|tPlant turnover and productivity growth in Canadian manufacturing / |w(CaOODSP)9.558157 |
| 830 | #0|aDocuments de recherche (Statistique Canada. Direction des études analytiques)|x1205-9161|vN° 193|w(CaOODSP)9.500842 |
| 856 | 40|ahttp://publications.gc.ca|qPDF|s554 Ko|uhttps://publications.gc.ca/collections/collection_2012/statcan/11f0019m/11f0019m2003193-fra.pdf|yN° 193 |